000 00474nam a22001577a 4500
999 _c525233
_d525233
003 NUST
038 _aMr. Zahoor
082 _a621.3
100 _aBukhari, Muhammad Asad
_915978
245 _aEfficient Signal Detection in Noise with Unknown Distribution /
_cMuhammad Asad Bukhari
260 _aIslamabad :
_bCEME - NUST,
_c2014.
300 _ax, 64 p. : ill. ;
_c30 cm.
500 _aHardcover.
600 _aElectrical Engineering - MS Thesis.
_915630
942 _2ddc
_cTHE